00289nam a2200109Ia 4500008004100000041000800041082002400049100001200073245004800085260003700133300000900170230411s9999 xx 000 0 und d aeng aAD/610.7/SUD/B07297 aSudha R aNursing Education : Principles and concepts bJaypee BrothersaNew Delhic2013 a424p